Todo sobre Impuestos en Nicaragua
| Main Author: | |
|---|---|
| Format: | Section = Libro |
| Language: | Undetermined Spanish |
| Published: |
Nicaragua
[s.e.]
2004
|
| Edition: | 6a ed. |
| Subjects: |
| LEADER | 00550nam a2200217Ia 4500 | ||
|---|---|---|---|
| 008 | 240830s9999 xx 000 0 und d | ||
| 020 | |a 999-24-804-4-0 | ||
| 040 | |a B-ESTELÍ- RUACS / 343 B142 | ||
| 041 | |a spa | ||
| 082 | |a 343 B142 | ||
| 100 | 1 | |a Báez Cortez, Julio Francisco | |
| 245 | 1 | 0 | |a Todo sobre Impuestos en Nicaragua |
| 250 | |a 6a ed. | ||
| 260 | |a Nicaragua |b [s.e.] |c 2004 | ||
| 300 | |a 738p. | ||
| 650 | 7 | |a DERECHO FISCAL | |
| 650 | 7 | |b LESGILACION | |
| 650 | 7 | |c IMPUESTOS EN NICARAGUA | |
| 942 | |c BK |2 ddc | ||
| 991 | |a TEXTO | ||
| 999 | |c 10803 | ||